000 02050nam a2200505 c 4500
999 _c71438
_d71438
003 BLK
005 20250426094940.0
008 180408b bul|||||r ||||||| ||bul||
010 _aKNG00075808000
020 _a978-954-528-728-2
020 _a978-954-528-731-2
020 _a978-954-491-338-0
020 _a978-954-491-340-3
040 _aBLK
041 _aBUL
_cBUL
072 7 _2bullib
_aК
_xКраезнание
080 _aБългарска литература
_b821.163.2
_x-94
_z821.163.2-94
080 _b949.72.033/.04
_x(0:82-94)
_z949.72.033/.04(0:82-94)
100 1 _aЦанев, Стефан Неделчев
_d1936-
_gПисател, поет, драматург.
_9364639
139 _aЦанев, Стефан Неделчев
_bЦ 16
245 1 0 _aБългарски хроники
_bПоема : Т. 1 -
_cСтефан Неделчев Цанев.
_nТ. 2
_p1453 - 1878
257 _aBGR
260 _c2006 -
_fПловдив : Жанет 45
300 _c21 см
380 _aX
500 _aОфс. изд.
650 0 _aБългария - история
_9244493
651 4 _aБългария
_9241624
653 _aбългарска история
653 _aСредновековие
653 _aфеодализъм
653 _aосманско владичество
653 _aВъзраждане
653 _aосвободителни борби
659 _aК
760 1 _aЦанев, Стефан Неделчев
_dТруд, Жанет 45, 2007
_h344 с.
_nКор. загл. Български хроники : История на нашия народ от 1453 г. пр. Хр. до 1878 г. сл. Хр. - Т. 2 вкл. кн. 3. - Съдържа и Кратка хронология.
_tТ. 2 1453 - 1878
852 _aЦб 228226
852 _aК 821.163.2/Ц 16 С
856 4 _qpdf
856 4 _qpdf
942 _cKNG
_n0
_026
_s1
944 _aCR
_c20.06.2007
_lСевдалина Тодорова
_k30540
944 _aED
_c09.12.2011
_lф /
999 _d71438